Teorie a metody sociální práce v Evropě – profesní profil sociálních pracovníků
Historický vývoj metód sociálnej práce v dejinách tejto profesie. Vychádza z poznatkov, že sociálnu prácu je zložité definovať a jej metódy sú často považované za menej vedecké a neurčitejšie ako terapeutické, psychologické metódy intervencie. Poradenstvo a manažment v procese sociálnej práce.
Saved in:
| Main Author: | |
|---|---|
| Format: | Book Chapter |
| Language: | Czech |
| Subjects: | |
| Tags: |
No Tags, Be the first to tag this record!
|
MARC
| LEADER | 00000naa a2200000 4500 | ||
|---|---|---|---|
| 001 | 0201692 | ||
| 005 | 20220729110725.8 | ||
| 041 | 0 | |a cze | |
| 044 | |a CZ | ||
| 245 | 1 | 0 | |a Teorie a metody sociální práce v Evropě – profesní profil sociálních pracovníků |c Walter Lorenz |
| 520 | |a Historický vývoj metód sociálnej práce v dejinách tejto profesie. Vychádza z poznatkov, že sociálnu prácu je zložité definovať a jej metódy sú často považované za menej vedecké a neurčitejšie ako terapeutické, psychologické metódy intervencie. Poradenstvo a manažment v procese sociálnej práce. | ||
| 610 | 2 | 0 | |a Európa |
| 610 | 2 | 0 | |a práca sociálna |
| 610 | 2 | 0 | |a história |
| 610 | 2 | 0 | |a dejiny |
| 610 | 2 | 0 | |a koncepcie |
| 610 | 2 | 0 | |a metódy sociologické |
| 610 | 2 | 0 | |a metódy vied spoločenských |
| 610 | 2 | 0 | |a teória sociálna |
| 100 | 1 | |a Lorenz, Walter | |